| 000 | 00590nam a2200217 a 4500 | ||
|---|---|---|---|
| 005 | 20240924071115.0 | ||
| 008 | 991125 mx 000 0 spa u | ||
| 020 | _a9688790214 | ||
| 035 | _aUPN01000035151 | ||
| 049 | _aI | ||
| 050 | 4 | _aPQ6176 L53 | |
| 245 | 0 | 3 |
_aEl libro de la luna / _cBlanca Luz Pulido, Elena Climent |
| 260 |
_aMéxico : _bErmitaño$bSEP |
||
| 300 |
_a[38] p. : _bil. |
||
| 440 | 0 | _aLetra Color | |
| 650 | 4 |
_aLiteratura española _95069 |
|
| 700 | 2 |
_aPulido, Blanca Luz, _ecomp. |
|
| 700 | 2 |
_aCliment, Elena, _ecomp. |
|
| 904 |
_aAC _b035152 |
||
| 905 | _aInfantil | ||
| 999 |
_c35151 _d35151 |
||